Karl Mannheim (1893-1947): la construcción social de la libertad/
Guardado en:
| Hovedforfatter: | |
|---|---|
| Format: | Bog |
| Sprog: | Spanish |
| Tags: |
Tilføj Tag
Ingen Tags, Vær først til at tagge denne postø!
|
MARC
| LEADER | 00000nam a22000007a 4500 | ||
|---|---|---|---|
| 003 | cru CIDCACS/IIS | ||
| 005 | 20180214142908.0 | ||
| 007 | ta | ||
| 008 | 180214s1993 sp |||p|r||||||0| 0|spa|| | ||
| 999 | |c 40989 |d 40989 | ||
| 040 | |c cru CIDCACS/IIS | ||
| 100 | 1 | |9 6631 |a Usón Pérez, Valentín |d 1952- | |
| 245 | 1 | |a Karl Mannheim (1893-1947): |b la construcción social de la libertad/ |c Valentín Usón Pérez | |
| 300 | |a páginas 83-98 | ||
| 773 | 0 | |0 40983 |9 1796 |a Centro de Investigaciones Sociológicas (España) |d Madrid, España: CIS, |o 18443 |t REIS: |x 02105233 | |
| 942 | |2 ddc |c PP | ||
